Bullying : (Record no. 143368)
[ view plain ]
| 000 -CABECERA | |
|---|---|
| campo de control de longitud fija | 00962nam a2200241 u 4500 |
| 005 - FECHA Y HORA DE LA ÚLTIMA TRANSACCIÓN | |
| campo de control | 20221111125132.0 |
| 008 - ELEMENTOS DE LONGITUD FIJA--INFORMACIÓN GENERAL | |
| campo de control de longitud fija | 090618s2006 es r 000 0 spa d |
| 020 ## - NÚMERO INTERNACIONAL NORMALIZADO PARA LIBROS | |
| Número Internacional Estándar del Libro | 8478274391 (10 dígitos) |
| 020 ## - NÚMERO INTERNACIONAL NORMALIZADO PARA LIBROS | |
| Número Internacional Estándar del Libro | 9788478274390 (13 dígitos) |
| 035 ## - NÚMERO DE CONTROL DEL SISTEMA | |
| Número de control de sistema | UPN01000171263 |
| 049 ## - COLECCIÓN | |
| Colección | CG |
| 050 #4 - SIGNATURA TOPOGRÁFICA DE LA BIBLIOTECA DEL CONGRESO | |
| Número de clasificación | LB3013.3 |
| Número de documento/Ítem | B4.2 |
| 100 1# - ASIENTO PRINCIPAL--NOMBRE PERSONAL | |
| Nombre de persona | Beane, Allan L. |
| 245 10 - MENCIÓN DE TÍTULO | |
| Título | Bullying : |
| Resto del título | aulas libres de acoso / |
| Mención de responsabilidad, etc. | Allan L. Beane ; pról. Rosario Ortega. |
| 260 ## - PUBLICACIÓN, DISTRIBUCIÓN, ETC. | |
| Lugar de publicación, distribución, etc. | Barcelona, Esp. : |
| Nombre del editor, distribuidor, etc. | Graó, |
| Fecha de publicación, distribución, etc. | 2006. |
| 300 ## - DESCRIPCIÓN FÍSICA | |
| Extensión | 245 p. |
| 440 #0 - MENCIÓN DE SERIE/ASIENTO SECUNDARIO--TÍTULO | |
| Título | Educación para la ciudadanía. |
| Nombre de parte o sección de la obra | Orientación y tutoría ; |
| Designación de volumen o secuencia | 225 |
| 534 ## - NOTA SOBRE LA VERSIÓN ORIGINAL | |
| Frase introductoria | Traducción de: |
| Mención de título del original | The bully free classroom : over 100 tips and strategies for teachers K-8. |
| 650 #4 - ASIENTO SECUNDARIO DE MATERIA - TERMINO TEMATICO | |
| Término de materia o nombre geográfico como elemento de entrada | VIOLENCIA ESCOLAR - |
| Subdivisión geográfica | ESTADOS UNIDOS - |
| Subdivisión general | PREVENCION - |
| Subdivisión de forma | MANUALES |
| 9 (RLIN) | 13153 |
| 650 #7 - ASIENTO SECUNDARIO DE MATERIA - TERMINO TEMATICO | |
| Término de materia o nombre geográfico como elemento de entrada | Acoso en las escuelas |
| Subdivisión geográfica | Estados Unidos |
| Subdivisión general | Prevención |
| Subdivisión de forma | Manuales |
| Fuente del encabezamiento o término | |
| 9 (RLIN) | 13155 |
| 650 #4 - ASIENTO SECUNDARIO DE MATERIA - TERMINO TEMATICO | |
| Término de materia o nombre geográfico como elemento de entrada | MANEJO DEL SALON DE CLASES - |
| Subdivisión geográfica | ESTADOS UNIDOS - |
| Subdivisión de forma | MANUALES |
| 9 (RLIN) | 13154 |
| 905 ## - TIPO DE MATERIAL | |
| Tipo de material | Libro |
| Estado de retiro | Estado de pérdida | Fuente del sistema de clasificación o colocación | Estado dañado | No para préstamo | Código de colección | Localización permanente | Ubicación/localización actual | Ubicación en estantería | Fecha de adquisición | Total de préstamos | Clasificación | Código de barras | Fecha visto por última vez | Fecha del último préstamo | Número de copia | Tipo de ítem Koha | Renovaciones totales | En préstamo |
|---|---|---|---|---|---|---|---|---|---|---|---|---|---|---|---|---|---|---|
| Library of Congress Classification | Colección General | Bib. Gregorio Torres Quintero | Bib. Gregorio Torres Quintero | Planta baja | 15/02/2024 | 73 | LB3013.3 B4.2 | 265734 | 29/04/2025 | 01/04/2025 | 1 | Libro | ||||||
| Library of Congress Classification | Colección General | Bib. Gregorio Torres Quintero | Bib. Gregorio Torres Quintero | Planta baja | 14/03/2024 | 55 | LB3013.3 B4.2 | 265733 | 09/05/2025 | 10/04/2025 | 1 | Libro | ||||||
| Library of Congress Classification | Colección General | Bib. Gregorio Torres Quintero | Bib. Gregorio Torres Quintero | Planta baja | 01/03/2023 | 50 | LB3013.3 B4.2 | 268088 | 16/03/2023 | 01/03/2023 | 1 | Libro | ||||||
| Library of Congress Classification | Colección General | Bib. Gregorio Torres Quintero | Bib. Gregorio Torres Quintero | Planta baja | 56 | LB3013.3 B4.2 | 265732 | 31/12/2020 | 1 | Libro | ||||||||
| Library of Congress Classification | Colección General | Bib. Gregorio Torres Quintero | Bib. Gregorio Torres Quintero | Planta baja | 06/11/2023 | 53 | LB3013.3 B4.2 | 268087 | 20/03/2026 | 20/03/2026 | 1 | Libro | 1 | 17/04/2026 |
